Datum a čas kvízu
28.5
Celkem bodů
Celkový počet nahraných bodů na tomto kvízu bez doplňovacích otázek.
5.
Pořadí na kvízu
Konečné umístění týmu na tomto kvízu.
Zaznamenané odpovědi
| # | Otázka | Odpověď | Body | Výsledky |
|---|---|---|---|---|
| 1. | Pražský městský soud pravomocn... | Modlitba pro Martu | 1 | |
| 2. | V jedné evropské zemi rezignov... | o Ukrajině | 0 | |
| 3. | Zahájení letošního ročníku fes... | Oleh Sencov | 0 | |
| 4. | V úterý byl vyhlášen Podnikate... | Oliver Dlouhý | 0 | |
| 5. | O víkendu bojoval český davisc... | s týmem Slovenska | 1 | |
| 6. | V následujících pěti otázkách... | gaviál (indický) | 1 | |
| 7. | Desomorfin je syntetický opioi... | v Rusku | 1 | |
| 8. | Značka Crocs je známá předevší... | v USA | 1 | |
| 9. | Česká rodinná komedie Jak se k... | Marie Poledňáková | 1 | |
| 10. | Jak se jmenoval tento muž, zva... | Bill Haley | 0 |